[Event "21. Ciutat de Montcada 2013"]
[Site "Montcada i Reixac ESP"]
[Date "2013.06.29"]
[Round "5.19"]
[White "Arjun, Bharat"]
[Black "Panelo, Marcelo"]
[Result "1/2-1/2"]
[WhiteElo "2298"]
[BlackElo "2428"]
[PlyCount "91"]
[EventDate "2013.06.25"]
[EventType "swiss"]
[EventRounds "9"]
[EventCountry "ESP"]
[Source "lmi"]
[SourceDate "2013.06.25"]

1. d4 Nf6 2. c4 e6 3. g3 Bb4+ 4. Nd2 d5 5. Bg2 O-O 6. a3 Bxd2+ 7. Bxd2 dxc4 8.
Nf3 Nc6 9. Bc3 Nd5 10. O-O b5 11. e4 Nxc3 12. bxc3 Rb8 13. Qe2 Na5 14. Rad1 Qe7
15. Qb2 Nb3 16. Rfe1 Rb6 17. Nd2 Nxd2 18. Rxd2 a5 19. Bf1 Ba6 20. Qa2 Rfb8 21.
Red1 h6 22. e5 Qe8 23. Bg2 Qe7 24. Bf1 Bb7 25. Bg2 Bxg2 26. Kxg2 c6 27. a4 Qd7
28. axb5 Qd5+ 29. Kg1 Rxb5 30. Ra1 Rb3 31. Rc2 a4 32. Qxa4 c5 33. Qa7 R3b6 34.
Rac1 R8b7 35. Qa8+ Kh7 36. dxc5 Qxc5 37. Re1 Qd5 38. Qa1 Qd3 39. Qd1 Qf5 40.
Qe2 Rb1 41. Rxb1 Rxb1+ 42. Kg2 Ra1 43. Rb2 Rc1 44. Qxc4 Qxe5 45. Qd3+ f5 46.
Re2 1/2-1/2

[Event "21. Ciutat de Montcada 2013"]
[Site "Montcada i Reixac ESP"]
[Date "2013.06.29"]
[Round "5.20"]
[White "Neelotpal, Das"]
[Black "Garriga Cazorla, Pere"]
[Result "1/2-1/2"]
[WhiteElo "2461"]
[BlackElo "2090"]
[PlyCount "85"]
[EventDate "2013.06.25"]
[EventType "swiss"]
[EventRounds "9"]
[EventCountry "ESP"]
[Source "lmi"]
[SourceDate "2013.06.25"]

1. d4 Nf6 2. c4 e6 3. Nf3 c5 4. d5 d6 5. Nc3 exd5 6. cxd5 g6 7. e4 Bg4 8. Be2
Bg7 9. Bf4 Bxf3 10. Bxf3 O-O 11. O-O Ne8 12. Qb3 Qe7 13. Rfe1 Be5 14. Bh6 Ng7
15. g3 a6 16. Bg2 Nd7 17. a4 Rab8 18. Be3 Qf6 19. Red1 Bd4 20. Bxd4 cxd4 21.
Ne2 Nc5 22. Qb4 Rfe8 23. Rxd4 Re7 24. Rad1 Rbe8 25. Nc3 h5 26. Qb6 h4 27. Rc4
Nd7 28. Qxb7 Ne5 29. Qxa6 Nxc4 30. Qxc4 Qg5 31. Qe2 hxg3 32. hxg3 f5 33. a5 Nh5
34. Qd2 Qg4 35. Nb5 fxe4 36. Nxd6 e3 37. fxe3 Rf8 38. Qd4 Qxg3 39. Ne4 Qg4 40.
Nc3 Qg3 41. Ne4 Qg4 42. Nc3 Qg3 43. Ne4 1/2-1/2

[Event "21. Ciutat de Montcada 2013"]
[Site "Montcada i Reixac ESP"]
[Date "2013.06.30"]
[Round "6.1"]
[White "Flores Rios, Mauricio"]
[Black "Ortiz Suarez, Isan Reynaldo"]
[Result "1-0"]
[WhiteElo "2492"]
[BlackElo "2612"]
[PlyCount "125"]
[EventDate "2013.06.25"]
[EventType "swiss"]
[EventRounds "9"]
[EventCountry "ESP"]
[Source "lmi"]
[SourceDate "2013.06.25"]

1. d4 Nf6 2. c4 e6 3. Nf3 c5 4. d5 exd5 5. cxd5 d6 6. Nc3 g6 7. Bf4 a6 8. a4
Bg7 9. h3 O-O 10. e3 Qe7 11. Be2 Nbd7 12. O-O Ne8 13. Nd2 Ne5 14. Bg3 f5 15. f4
Nf7 16. Nc4 Nf6 17. Qd2 Bd7 18. Nb6 Rae8 19. Bf2 Qd8 20. Nxd7 Qxd7 21. Bd3 Qc7
22. a5 c4 23. Be2 Ne4 24. Nxe4 Rxe4 25. Rfc1 Rc8 26. Bd3 cxd3 27. Rxc7 Rxc7 28.
Rc1 Rxc1+ 29. Qxc1 Rb4 30. Qd1 Rxb2 31. Qxd3 b5 32. axb6 Rxb6 33. e4 fxe4 34.
Qxe4 Rb8 35. Qa4 h5 36. Qxa6 Rb1+ 37. Kh2 Rb2 38. Qa7 Rd2 39. Qe3 Ra2 40. Qe8+
Kh7 41. Qxf7 Rxf2 42. Kg1 Ra2 43. f5 gxf5 44. Qxh5+ Kg8 45. Qxf5 Bd4+ 46. Kf1
Ra1+ 47. Ke2 Ra2+ 48. Kd3 Be5 49. Qg6+ Kh8 50. Ke4 Ra3 51. Qh6+ Kg8 52. g4 Ra7
53. h4 Re7 54. Kf5 Rf7+ 55. Ke6 Rg7 56. g5 Rf7 57. Qg6+ Rg7 58. Qe8+ Kh7 59.
Kf5 Rb7 60. h5 Ra7 61. Qf8 Bg7 62. Qxd6 Rf7+ 63. Kg4 1-0

[Event "21. Ciutat de Montcada 2013"]
[Site "Montcada i Reixac ESP"]
[Date "2013.06.30"]
[Round "6.2"]
[White "Nisipeanu, Liviu-Dieter"]
[Black "Moreno Ruiz, Javier"]
[Result "1-0"]
[WhiteElo "2667"]
[BlackElo "2486"]
[PlyCount "77"]
[EventDate "2013.06.25"]
[EventType "swiss"]
[EventRounds "9"]
[EventCountry "ESP"]
[Source "lmi"]
[SourceDate "2013.06.25"]

1. d4 Nf6 2. c4 e6 3. Nc3 Bb4 4. e3 b6 5. Nge2 Ba6 6. Ng3 Bxc3+ 7. bxc3 d5 8.
Ba3 Bxc4 9. Bxc4 dxc4 10. Qa4+ Qd7 11. Qxc4 Qc6 12. Qxc6+ Nxc6 13. c4 O-O-O 14.
Ke2 Rd7 15. Bb2 Rhd8 16. Bc3 Ne8 17. Rhc1 g6 18. Be1 f5 19. a4 Nb8 20. a5 c6
21. Kf1 Kb7 22. axb6 axb6 23. Rab1 Ka7 24. Ne2 Nd6 25. Rc2 Na6 26. Nf4 Re8 27.
Nd3 c5 28. Ra1 Kb7 29. Rca2 Ra8 30. dxc5 Nxc4 31. Nb4 Nxb4 32. Rxa8 Nc6 33.
cxb6 Nxb6 34. Re8 e5 35. Rb1 Kc7 36. Re6 Nc8 37. Rc1 Nd6 38. Bb4 e4 39. h4 1-0

[Event "21. Ciutat de Montcada 2013"]
[Site "Montcada i Reixac ESP"]
[Date "2013.06.30"]
[Round "6.3"]
[White "Burmakin, Vladimir"]
[Black "Cruz, Cristhian"]
[Result "1-0"]
[WhiteElo "2575"]
[BlackElo "2499"]
[PlyCount "103"]
[EventDate "2013.06.25"]
[EventType "swiss"]
[EventRounds "9"]
[EventCountry "ESP"]
[Source "lmi"]
[SourceDate "2013.06.25"]

1. Nf3 Nf6 2. g3 e6 3. Bg2 d5 4. c4 c5 5. cxd5 exd5 6. d4 Nc6 7. O-O Be7 8. Nc3
O-O 9. Bg5 cxd4 10. Nxd4 h6 11. Be3 Re8 12. Qc2 Bg4 13. h3 Bd7 14. Rfd1 Bf8 15.
Nxc6 bxc6 16. Bd4 Nh7 17. Na4 Ng5 18. h4 Ne4 19. e3 Bd6 20. Nc3 Nxg3 21. fxg3
Bxg3 22. Ne2 Bd6 23. Nf4 Qxh4 24. Qf2 Qg5 25. Rac1 Re7 26. Bc5 Bxc5 27. Rxc5
Re5 28. Rc3 Rae8 29. b4 a6 30. Rd4 Qe7 31. Bf1 Rg5+ 32. Ng2 Qd6 33. Rf4 Re7 34.
Ra3 Bc8 35. Ra5 Qg6 36. Bxa6 Bf5 37. Bf1 Be4 38. a4 Ree5 39. Rxe4 Qxe4 40. Ra8+
Kh7 41. Qd2 f5 42. a5 Qxe3+ 43. Qxe3 Rxe3 44. Rc8 Ra3 45. Rxc6 Ra2 46. Rc3 f4
47. Rf3 Rg4 48. a6 g5 49. b5 d4 50. b6 d3 51. Bxd3+ Kg7 52. Bf1 1-0

[Event "21. Ciutat de Montcada 2013"]
[Site "Montcada i Reixac ESP"]
[Date "2013.06.30"]
[Round "6.4"]
[White "Gleizerov, Evgeny"]
[Black "Martinez Ramirez, Erik"]
[Result "1-0"]
[WhiteElo "2553"]
[BlackElo "2306"]
[PlyCount "65"]
[EventDate "2013.06.25"]
[EventType "swiss"]
[EventRounds "9"]
[EventCountry "ESP"]
[Source "lmi"]
[SourceDate "2013.06.25"]

1. d4 Nf6 2. c4 g6 3. Nc3 d5 4. cxd5 Nxd5 5. Bd2 Bg7 6. e4 Nb6 7. Be3 O-O 8. h3
e5 9. Nf3 exd4 10. Bxd4 Be6 11. Bxg7 Kxg7 12. Qd4+ f6 13. Be2 Qe7 14. O-O Nc6
15. Qe3 Rad8 16. b3 Rfe8 17. Rfe1 Qb4 18. Bb5 Bd7 19. Rad1 Ne5 20. Nxe5 Bxb5
21. Ng4 g5 22. e5 Rxd1 23. Rxd1 h6 24. a3 Qxb3 25. Rb1 Qxa3 26. Nxb5 Qxe3 27.
exf6+ Kf7 28. Nxe3 Kxf6 29. Nxc7 Rb8 30. Rd1 Rc8 31. Nb5 Nc4 32. Nxa7 Nxe3 33.
Rd6+ 1-0

[Event "21. Ciutat de Montcada 2013"]
[Site "Montcada i Reixac ESP"]
[Date "2013.06.30"]
[Round "6.5"]
[White "Perez Mitjans, Orelvis"]
[Black "Cabrera, Alexis"]
[Result "0-1"]
[WhiteElo "2496"]
[BlackElo "2525"]
[PlyCount "82"]
[EventDate "2013.06.25"]
[EventType "swiss"]
[EventRounds "9"]
[EventCountry "ESP"]
[Source "lmi"]
[SourceDate "2013.06.25"]

1. e4 c5 2. Nc3 d6 3. Nge2 Nf6 4. g3 g6 5. Bg2 Nc6 6. O-O Bg7 7. d3 Rb8 8. f4
Bd7 9. a4 a6 10. h3 b5 11. axb5 axb5 12. g4 b4 13. Nd5 Nxd5 14. exd5 Nd4 15.
Ng3 Qc8 16. f5 gxf5 17. Nh5 Be5 18. Bf4 fxg4 19. Bxe5 dxe5 20. d6 Rg8 21. Kh2
Rg5 22. Ng3 f5 23. Qd2 f4 24. Ne4 Rg6 25. hxg4 exd6 26. g5 Ke7 27. Qf2 h6 28.
Qh4 Qh8 29. gxh6+ Ke8 30. h7 Kf8 31. Bh3 Bxh3 32. Qxh3 Rg7 33. Nf6 Kf7 34. Nd5
Rb7 35. Nxf4 Rxh7 36. Nh5+ Ke7 37. Qh4+ Kd7 38. Nf6+ Ke6 39. Nxh7 Rxh7 40. Rf6+
Kd5 41. c4+ bxc3 0-1

[Event "21. Ciutat de Montcada 2013"]
[Site "Montcada i Reixac ESP"]
[Date "2013.06.30"]
[Round "6.6"]
[White "Peralta, Fernando"]
[Black "Escobar Forero, Alder"]
[Result "0-1"]
[WhiteElo "2622"]
[BlackElo "2468"]
[PlyCount "74"]
[EventDate "2013.06.25"]
[EventType "swiss"]
[EventRounds "9"]
[EventCountry "ESP"]
[Source "lmi"]
[SourceDate "2013.06.25"]

1. d4 d6 2. Nf3 Nf6 3. c4 Nbd7 4. Nc3 e5 5. e4 Be7 6. Be2 O-O 7. O-O c6 8. Be3
Ng4 9. Bd2 a6 10. d5 c5 11. a4 Ngf6 12. a5 Rb8 13. Ne1 Ne8 14. Na4 g6 15. b4
cxb4 16. Bxb4 f5 17. exf5 gxf5 18. Ra3 Rf6 19. f4 e4 20. Nc2 Rh6 21. Nd4 Nc5
22. Nb6 Nf6 23. Bxc5 dxc5 24. Nxc8 Qxc8 25. Ne6 b6 26. Rg3+ Rg6 27. Rg5 bxa5
28. Rxf5 Rb2 29. Re5 Qb8 30. h4 h6 31. Kh1 a4 32. Qe1 Qb4 33. h5 Qxe1 34. Rxe1
Rg3 35. Bf1 a3 36. Kg1 a2 37. Ra1 Rgxg2+ 0-1

[Event "21. Ciutat de Montcada 2013"]
[Site "Montcada i Reixac ESP"]
[Date "2013.06.30"]
[Round "6.7"]
[White "Cori, Jorge"]
[Black "Lorenzo De La Riva, Lazaro"]
[Result "1-0"]
[WhiteElo "2549"]
[BlackElo "2424"]
[PlyCount "85"]
[EventDate "2013.06.25"]
[EventType "swiss"]
[EventRounds "9"]
[EventCountry "ESP"]
[Source "lmi"]
[SourceDate "2013.06.25"]

1. d4 d5 2. c4 e6 3. Nf3 Nf6 4. Nc3 c5 5. cxd5 exd5 6. g3 Nc6 7. Bg2 Be7 8. O-O
O-O 9. Bf4 c4 10. Ne5 Bf5 11. Qd2 h6 12. Rad1 Bb4 13. Qc1 Re8 14. h3 Qa5 15. g4
Bxc3 16. Qxc3 Qxc3 17. bxc3 Bh7 18. Rd2 Rac8 19. Rb2 b6 20. Rb5 Nxe5 21. dxe5
Ne4 22. Bxe4 dxe4 23. Rd1 Re6 24. Rbd5 Bg6 25. Rd7 a5 26. Rb7 e3 27. f3 Bd3 28.
exd3 e2 29. Re1 cxd3 30. Bd2 Rd8 31. Kf2 Rd5 32. a4 g5 33. Rb8+ Kh7 34. Rb7 Kg8
35. c4 Rd4 36. Rb8+ Kh7 37. Rb7 Kg6 38. Rc1 Rc6 39. Rc3 Rd8 40. Rb3 Rc5 41.
R7xb6+ Kh7 42. Rd6 Re8 43. Rd5 1-0

[Event "21. Ciutat de Montcada 2013"]
[Site "Montcada i Reixac ESP"]
[Date "2013.06.30"]
[Round "6.8"]
[White "Pancevski, Filip"]
[Black "Rishi, Sardana"]
[Result "0-1"]
[WhiteElo "2513"]
[BlackElo "2308"]
[PlyCount "48"]
[EventDate "2013.06.25"]
[EventType "swiss"]
[EventRounds "9"]
[EventCountry "ESP"]
[Source "lmi"]
[SourceDate "2013.06.25"]

1. e4 c5 2. Nf3 d6 3. d4 cxd4 4. Nxd4 Nf6 5. Nc3 a6 6. h3 e6 7. g4 Be7 8. Bg2
Nfd7 9. Be3 Nc6 10. Qe2 Qc7 11. O-O-O O-O 12. f4 Nxd4 13. Bxd4 Rb8 14. h4 b5
15. a3 b4 16. axb4 Rxb4 17. g5 Bb7 18. f5 e5 19. Bf2 Rc8 20. Rh3 Qa5 21. Nb1
Qa2 22. b3 Nc5 23. Rd5 Bxd5 24. Bxc5 Bxb3 0-1

[Event "21. Ciutat de Montcada 2013"]
[Site "Montcada i Reixac ESP"]
[Date "2013.06.30"]
[Round "6.9"]
[White "Laxman, R.R."]
[Black "Cuartas, Jaime Alexander"]
[Result "0-1"]
[WhiteElo "2397"]
[BlackElo "2484"]
[PlyCount "153"]
[EventDate "2013.06.25"]
[EventType "swiss"]
[EventRounds "9"]
[EventCountry "ESP"]
[Source "lmi"]
[SourceDate "2013.06.25"]

1. d4 d5 2. Nf3 Nf6 3. c4 e6 4. e3 c5 5. Nc3 Nc6 6. a3 cxd4 7. exd4 Be7 8. Bd3
dxc4 9. Bxc4 O-O 10. O-O a6 11. Re1 b5 12. Bb3 Na5 13. Bc2 Bb7 14. Ne5 Nc4 15.
Nxc4 bxc4 16. Re3 g6 17. Rg3 Qb6 18. Be3 Rfd8 19. Qb1 Qc7 20. Qc1 Bd6 21. f4
Rab8 22. Rh3 Ng4 23. Be4 Nxe3 24. Qxe3 Bxf4 25. Qf2 f5 26. Bxb7 Rxb7 27. Re1
Qd6 28. Rd1 Be5 29. d5 Qb6 30. Qxb6 Rxb6 31. dxe6 Rxd1+ 32. Nxd1 Rxe6 33. Kf1
Rb6 34. Ne3 Rc6 35. Nd1 h5 36. Ke1 Rb6 37. Ne3 Rxb2 38. Nxc4 Rb1+ 39. Ke2 Bc7
40. Re3 Rc1 41. Ne5 Rc2+ 42. Kf1 Kg7 43. h4 Bxe5 44. Rxe5 Rc4 45. Ra5 Rxh4 46.
Rxa6 Re4 47. a4 h4 48. a5 Kh6 49. Ra8 Kg5 50. a6 Ra4 51. a7 Ra1+ 52. Kf2 f4 53.
Kf3 Ra2 54. Ke4 Ra3 55. Kd4 Kg4 56. Rg8 Rxa7 57. Rxg6+ Kf5 58. Rg8 Rd7+ 59. Kc3
Rd6 60. Rf8+ Rf6 61. Rh8 Rg6 62. Rxh4 Rxg2 63. Kd3 Ra2 64. Rh8 Kg4 65. Rg8+ Kf3
66. Rf8 Kg3 67. Ke4 Re2+ 68. Kd3 f3 69. Rf7 Re1 70. Rg7+ Kh2 71. Rh7+ Kg2 72.
Rg7+ Kf1 73. Kd2 f2 74. Rg8 Re7 75. Rg6 Rd7+ 76. Kc2 Rd5 77. Rd6 0-1

[Event "21. Ciutat de Montcada 2013"]
[Site "Montcada i Reixac ESP"]
[Date "2013.06.30"]
[Round "6.10"]
[White "Rios, Cristhian Camilo"]
[Black "Cori T., Deysi"]
[Result "0-1"]
[WhiteElo "2360"]
[BlackElo "2437"]
[PlyCount "74"]
[EventDate "2013.06.25"]
[EventType "swiss"]
[EventRounds "9"]
[EventCountry "ESP"]
[Source "lmi"]
[SourceDate "2013.06.25"]

1. d4 Nf6 2. c4 e6 3. Nf3 b6 4. a3 Bb7 5. Nc3 Ne4 6. Nxe4 Bxe4 7. Nd2 Bb7 8. e4
Qf6 9. e5 Qg6 10. Nf3 d6 11. Ng5 dxe5 12. dxe5 Nc6 13. Bd3 Rd8 14. Bxg6 Rxd1+
15. Kxd1 hxg6 16. Nf3 Na5 17. Kc2 Nxc4 18. Bf4 b5 19. Rac1 Be4+ 20. Kc3 Rh5 21.
Nd2 Bxg2 22. Rhg1 Bd5 23. Nxc4 Bxc4 24. b3 Bd5 25. Kb2 c5 26. b4 c4 27. Bg3 g5
28. a4 bxa4 29. Kc3 Be7 30. Ra1 f5 31. Rxa4 f4 32. Rxa7 fxg3 33. hxg3 g4 34. b5
Rf5 35. b6 Rf3+ 36. Kd2 Rxf2+ 37. Kc1 Bc5 0-1

[Event "21. Ciutat de Montcada 2013"]
[Site "Montcada i Reixac ESP"]
[Date "2013.06.30"]
[Round "6.11"]
[White "Perpinya Rofes, Lluis Maria"]
[Black "Ulibin, Mikhail"]
[Result "0-1"]
[WhiteElo "2400"]
[BlackElo "2523"]
[PlyCount "43"]
[EventDate "2013.06.25"]
[EventType "swiss"]
[EventRounds "9"]
[EventCountry "ESP"]
[Source "lmi"]
[SourceDate "2013.06.25"]

1. e4 e6 2. d4 d5 3. Nc3 Nf6 4. e5 Nfd7 5. f4 c5 6. Nf3 Nc6 7. Be3 Be7 8. Qd2
O-O 9. dxc5 Bxc5 10. O-O-O Qa5 11. Nd4 Bxd4 12. Bxd4 Rb8 13. Kb1 b5 14. h4 Nxd4
15. Qxd4 b4 16. Ne2 f6 17. exf6 Nxf6 18. Ng3 Bd7 19. Bd3 Qb6 20. Qe5 Ne8 21.
Rhe1 Rf7 22. h5 0-1

[Event "21. Ciutat de Montcada 2013"]
[Site "Montcada i Reixac ESP"]
[Date "2013.06.30"]
[Round "6.12"]
[White "Guerra Mendez, Jose Angel"]
[Black "Sanchez Ibern, Marc"]
[Result "1-0"]
[WhiteElo "2505"]
[BlackElo "2401"]
[PlyCount "95"]
[EventDate "2013.06.25"]
[EventType "swiss"]
[EventRounds "9"]
[EventCountry "ESP"]
[Source "lmi"]
[SourceDate "2013.06.25"]

1. e4 c5 2. Nf3 d6 3. d4 cxd4 4. Nxd4 Nf6 5. Nc3 Nc6 6. Bg5 e6 7. Qd2 Be7 8.
O-O-O Nxd4 9. Qxd4 O-O 10. f4 h6 11. Bh4 Qa5 12. e5 dxe5 13. Qxe5 Qxe5 14. fxe5
Nd5 15. Bxe7 Nxe7 16. Bd3 b6 17. Be4 Rb8 18. Nb5 Bb7 19. Rhe1 Bxe4 20. Rxe4 Nc6
21. Rd3 a6 22. Rc3 Ne7 23. Nd6 Nc8 24. Rc7 b5 25. a4 Nxd6 26. exd6 Rb6 27. d7
Rd6 28. axb5 axb5 29. Rb4 Rd8 30. Rxb5 R8xd7 31. Rxd7 Rxd7 32. Rb8+ Kh7 33. b4
Kg6 34. c4 Kf6 35. c5 Ke5 36. b5 Rc7 37. c6 Kd5 38. Kd2 Kc5 39. Kd3 f5 40. Rb7
Kd6 41. Rxc7 Kxc7 42. Kc4 Kd6 43. Kb4 e5 44. Ka5 e4 45. Kb6 e3 46. c7 e2 47.
c8=Q e1=Q 48. Qd8+ 1-0

[Event "21. Ciutat de Montcada 2013"]
[Site "Montcada i Reixac ESP"]
[Date "2013.06.30"]
[Round "6.13"]
[White "Narayanan, Srinath"]
[Black "Anurag, Mhamal"]
[Result "1-0"]
[WhiteElo "2464"]
[BlackElo "2401"]
[PlyCount "63"]
[EventDate "2013.06.25"]
[EventType "swiss"]
[EventRounds "9"]
[EventCountry "ESP"]
[Source "lmi"]
[SourceDate "2013.06.25"]

1. e4 e5 2. Nf3 Nc6 3. Bb5 Nf6 4. d3 d6 5. O-O g6 6. d4 Bd7 7. d5 Ne7 8. Bxd7+
Nxd7 9. c4 Bg7 10. Nc3 O-O 11. Be3 h6 12. Nd2 f5 13. f3 Nf6 14. b4 Qd7 15. Kh1
a5 16. a3 fxe4 17. fxe4 c6 18. bxa5 cxd5 19. cxd5 Ng4 20. Bg1 Rxf1 21. Qxf1 Qc7
22. Nb5 Qxa5 23. Nxd6 Rf8 24. Qe2 Qc3 25. Rb1 h5 26. h3 Bh6 27. Nf3 Nf6 28.
Rxb7 h4 29. Rxe7 Nh5 30. Bf2 Qc1+ 31. Qe1 Qxa3 32. Re8 1-0

[Event "21. Ciutat de Montcada 2013"]
[Site "Montcada i Reixac ESP"]
[Date "2013.06.30"]
[Round "6.14"]
[White "Satyapragyan, Swayangsu"]
[Black "Vehi Bach, Victor Manuel"]
[Result "1/2-1/2"]
[WhiteElo "2464"]
[BlackElo "2321"]
[PlyCount "78"]
[EventDate "2013.06.25"]
[EventType "swiss"]
[EventRounds "9"]
[EventCountry "ESP"]
[Source "lmi"]
[SourceDate "2013.06.25"]

1. e4 c5 2. Nf3 e6 3. d4 cxd4 4. Nxd4 Nf6 5. Nc3 d6 6. g4 h6 7. h3 Nc6 8. Be3
a6 9. Qd2 Nxd4 10. Bxd4 b5 11. Bg2 Bb7 12. a3 Qc7 13. O-O-O Be7 14. f4 e5 15.
Be3 Nd7 16. Kb1 exf4 17. Bd4 Ne5 18. Qxf4 Ng6 19. Qe3 O-O 20. Bb6 Qc4 21. Rhf1
Rac8 22. Ba5 Rfe8 23. Qa7 Bc6 24. Bb4 Nh4 25. Bh1 Ra8 26. Qd4 Qxd4 27. Rxd4 a5
28. Bxd6 Bf6 29. e5 Bxh1 30. exf6 Bg2 31. Rfd1 Bf3 32. Rc1 Bc6 33. fxg7 Rad8
34. Rcd1 Nf3 35. R4d3 Ne5 36. Rg3 Re6 37. Bc7 Rxd1+ 38. Nxd1 Be4 39. Bxa5 Nd7
1/2-1/2

[Event "21. Ciutat de Montcada 2013"]
[Site "Montcada i Reixac ESP"]
[Date "2013.06.30"]
[Round "6.15"]
[White "Munoz Pantoja, Miguel"]
[Black "Gallart Zafra, Jaume"]
[Result "1-0"]
[WhiteElo "2459"]
[BlackElo "2279"]
[PlyCount "109"]
[EventDate "2013.06.25"]
[EventType "swiss"]
[EventRounds "9"]
[EventCountry "ESP"]
[Source "lmi"]
[SourceDate "2013.06.25"]

1. e4 c5 2. Nf3 d6 3. Bb5+ Nd7 4. c4 Ngf6 5. Nc3 g6 6. O-O Bg7 7. d4 cxd4 8.
Nxd4 O-O 9. Bxd7 Bxd7 10. b3 Qa5 11. Bb2 Rfc8 12. Re1 Qh5 13. Qxh5 Nxh5 14. Nd5
Kf8 15. Rad1 Nf6 16. Nc3 Ne8 17. f4 Nc7 18. e5 dxe5 19. Nf3 Bg4 20. fxe5 Rd8
21. Nd5 Nxd5 22. cxd5 Rac8 23. Ba3 Ke8 24. Re2 e6 25. d6 Bxf3 26. gxf3 Kd7 27.
Kf2 Bh6 28. Rd4 Bg7 29. Rf4 Rf8 30. Bb2 h6 31. Ra4 a6 32. Rb4 b5 33. a4 Rb8 34.
axb5 Rxb5 35. Rxb5 axb5 36. Rc2 Rc8 37. Rxc8 Kxc8 38. Ke3 Kd7 39. Kd4 Kc6 40.
d7 Kxd7 41. Kc5 Bf8+ 42. Kxb5 g5 43. Kb6 f6 44. exf6 Bd6 45. h3 e5 46. f7 Ke6
47. Kc6 Bb4 48. Bc3 Bf8 49. b4 Kxf7 50. b5 Ke6 51. b6 Bd6 52. b7 h5 53. Ba5 Bb8
54. Bc7 Ba7 55. Kb5 1-0

[Event "21. Ciutat de Montcada 2013"]
[Site "Montcada i Reixac ESP"]
[Date "2013.06.30"]
[Round "6.16"]
[White "Herraiz Hidalgo, Herminio"]
[Black "Arjun, Bharat"]
[Result "1/2-1/2"]
[WhiteElo "2447"]
[BlackElo "2298"]
[PlyCount "47"]
[EventDate "2013.06.25"]
[EventType "swiss"]
[EventRounds "9"]
[EventCountry "ESP"]
[Source "lmi"]
[SourceDate "2013.06.25"]

1. d4 d5 2. c4 c6 3. Nf3 Nf6 4. e3 Bf5 5. Nc3 e6 6. Nh4 Bg6 7. Bd2 Nbd7 8. Nxg6
hxg6 9. Qb3 Qc7 10. h3 Be7 11. Bd3 Nb6 12. cxd5 exd5 13. Rc1 O-O 14. O-O Qd6
15. a4 Rab8 16. Rfd1 Nbd7 17. Be1 Nh7 18. Na2 Rfe8 19. f3 Qe6 20. e4 dxe4 21.
Qxe6 fxe6 22. fxe4 e5 23. dxe5 Nxe5 24. Bb1 1/2-1/2

[Event "21. Ciutat de Montcada 2013"]
[Site "Montcada i Reixac ESP"]
[Date "2013.06.30"]
[Round "6.17"]
[White "Del Rey, Diego"]
[Black "Saptarshi, Roy"]
[Result "1/2-1/2"]
[WhiteElo "2376"]
[BlackElo "2447"]
[PlyCount "61"]
[EventDate "2013.06.25"]
[EventType "swiss"]
[EventRounds "9"]
[EventCountry "ESP"]
[Source "lmi"]
[SourceDate "2013.06.25"]

1. e4 e5 2. Nf3 Nc6 3. d4 exd4 4. Nxd4 Bc5 5. Nxc6 bxc6 6. Bd3 d6 7. O-O Ne7 8.
Nd2 O-O 9. Nb3 Bb6 10. c4 Be6 11. Qe2 Ng6 12. Be3 Bxe3 13. Qxe3 Ne5 14. Na5 Qb8
15. Qd2 Qb6 16. Be2 Rab8 17. b3 f5 18. exf5 Rxf5 19. Rac1 Qc5 20. Rb1 Rbf8 21.
b4 Qb6 22. Qe1 Qd4 23. Qd1 Qh4 24. g3 Rg5 25. Kh1 Qh3 26. f4 Bf5 27. Bf3 Nxf3
28. Rxf3 Rh5 29. Rb2 d5 30. Re3 Rh6 31. Kg1 1/2-1/2

[Event "21. Ciutat de Montcada 2013"]
[Site "Montcada i Reixac ESP"]
[Date "2013.06.30"]
[Round "6.18"]
[White "Fluvia Poyatos, Jordi"]
[Black "Zapata, Karen"]
[Result "1-0"]
[WhiteElo "2445"]
[BlackElo "2180"]
[PlyCount "85"]
[EventDate "2013.06.25"]
[EventType "swiss"]
[EventRounds "9"]
[EventCountry "ESP"]
[Source "lmi"]
[SourceDate "2013.06.25"]

1. e4 c5 2. Nf3 Nc6 3. d4 cxd4 4. Nxd4 Nf6 5. Nc3 e5 6. Ndb5 d6 7. Bg5 a6 8.
Na3 b5 9. Nd5 Be7 10. Bxf6 Bxf6 11. c3 Bg5 12. Nc2 O-O 13. a4 bxa4 14. Rxa4 a5
15. Bc4 Rb8 16. Ra2 Kh8 17. Nce3 Bxe3 18. Nxe3 Be6 19. O-O Qc7 20. Qd3 Rbc8 21.
Rd1 Rfd8 22. Nd5 Bxd5 23. Bxd5 Qb6 24. Qe3 Qb7 25. Qe2 Qb6 26. Bxf7 Ne7 27. Qe3
Rc5 28. b3 Qc7 29. Bc4 Rf8 30. Rd3 h6 31. g3 Kh7 32. Qd2 Rf6 33. Qe2 Nc8 34.
Rf3 Nb6 35. Rxf6 gxf6 36. Be6 a4 37. bxa4 Ra5 38. Qh5 Qe7 39. Bf7 Qf8 40. Qg6+
Kh8 41. Qxf6+ Kh7 42. Qg6+ Kh8 43. Rb2 1-0

[Event "21. Ciutat de Montcada 2013"]
[Site "Montcada i Reixac ESP"]
[Date "2013.06.30"]
[Round "6.19"]
[White "Barbero Sendic, Alejandro"]
[Black "Ducarmon, Quinten"]
[Result "0-1"]
[WhiteElo "2326"]
[BlackElo "2436"]
[PlyCount "42"]
[EventDate "2013.06.25"]
[EventType "swiss"]
[EventRounds "9"]
[EventCountry "ESP"]
[Source "lmi"]
[SourceDate "2013.06.25"]

1. e4 c6 2. d4 d5 3. f3 Qb6 4. Nc3 dxe4 5. a4 e5 6. dxe5 Bb4 7. fxe4 Be6 8. Nf3
Nd7 9. Bd3 Ne7 10. Qe2 Ng6 11. a5 Bxa5 12. Be3 Qc7 13. Nd4 O-O 14. O-O Bb6 15.
Kh1 Bxd4 16. Bxd4 c5 17. Nd5 Bxd5 18. exd5 cxd4 19. e6 Nde5 20. e7 Rfe8 21. Bb5
d3 0-1

[Event "21. Ciutat de Montcada 2013"]
[Site "Montcada i Reixac ESP"]
[Date "2013.06.30"]
[Round "6.20"]
[White "Panelo, Marcelo"]
[Black "Garcia, Eduardo"]
[Result "1-0"]
[WhiteElo "2428"]
[BlackElo "2254"]
[PlyCount "89"]
[EventDate "2013.06.25"]
[EventType "swiss"]
[EventRounds "9"]
[EventCountry "ESP"]
[Source "lmi"]
[SourceDate "2013.06.25"]

1. d4 d5 2. c4 e6 3. Nc3 c5 4. cxd5 exd5 5. Nf3 Nc6 6. g3 Nf6 7. Bg2 Be7 8. O-O
O-O 9. Bg5 c4 10. Ne5 Be6 11. b3 cxb3 12. Nxc6 bxc6 13. axb3 Qb6 14. Na4 Qb4
15. e3 Rfb8 16. Bxf6 Bxf6 17. Nc5 a5 18. Qc2 Bc8 19. Rfb1 g6 20. Bf1 Be7 21.
Nd3 Qb6 22. Nf4 Bd7 23. Bd3 Kg7 24. Qe2 Bd6 25. Qf3 Qd8 26. Bc2 Qf6 27. Qd1 h5
28. Ng2 Bg4 29. Qc1 h4 30. Nxh4 g5 31. Ng2 Rh8 32. e4 dxe4 33. Bxe4 Rh3 34.
Bxc6 Rah8 35. Rxa5 R8h5 36. Ne3 Be6 37. Nf1 Bf5 38. Bg2 Bxb1 39. Bxh3 Bg6 40.
Bg4 Rh8 41. Qxg5 Qxd4 42. Rd5 Qb4 43. Ne3 Qe1+ 44. Nf1 Bc7 45. Qe3 1-0

[Event "21. Ciutat de Montcada 2013"]
[Site "Montcada i Reixac ESP"]
[Date "2013.07.01"]
[Round "7.1"]
[White "Burmakin, Vladimir"]
[Black "Flores Rios, Mauricio"]
[Result "1/2-1/2"]
[WhiteElo "2575"]
[BlackElo "2492"]
[PlyCount "86"]
[EventDate "2013.06.25"]
[EventType "swiss"]
[EventRounds "9"]
[EventCountry "ESP"]
[Source "lmi"]
[SourceDate "2013.06.25"]

1. Nf3 Nf6 2. g3 g6 3. Bg2 Bg7 4. b3 O-O 5. Bb2 d5 6. c4 c6 7. O-O Nbd7 8. Qc2
b6 9. d3 Bb7 10. e4 e6 11. Re1 c5 12. cxd5 exd5 13. e5 Ng4 14. h3 Nh6 15. d4
cxd4 16. Bxd4 Rc8 17. Qd2 Nc5 18. Qe3 Re8 19. Nbd2 Ne4 20. g4 Nc5 21. Rac1 f5
22. Bxc5 bxc5 23. Rxc5 fxg4 24. hxg4 Nxg4 25. Rxc8 Bxc8 26. Qxa7 Nxe5 27. Nxe5
Bxe5 28. Nf3 Bf6 29. Rxe8+ Qxe8 30. Qa8 Qd8 31. b4 Kg7 32. b5 Qc7 33. Qxd5 Bb7
34. Qd2 Bc3 35. Ng5 Bxd2 36. Ne6+ Kf7 37. Nxc7 Ba5 38. Bxb7 Bxc7 39. Be4 h5 40.
Kg2 g5 41. Bf3 g4 42. Bd1 Kf6 43. a4 Kf5 1/2-1/2